[Event "Korcsoportos Bajnokság u14f"]
[Site "Balatonlelle"]
[Date "2015.06.21"]
[Round "5.15"]
[White "Birovecz, Ben Jordan"]
[Black "Zlotov, Viktor"]
[Result "1-0"]
[WhiteElo "1470"]
[BlackElo "1333"]
[PlyCount "61"]
[EventDate "2015.06.18"]
[EventType "swiss"]
[EventRounds "9"]
[EventCountry "HUN"]

1. e4 e5 2. Nf3 Nc6 3. Bc4 Nf6 4. d3 Bc5 5. O-O d6 6. c3 O-O 7. Re1 Be6 8. Nbd2
h6 9. h3 Bxc4 10. Nxc4 b5 11. Ne3 Re8 12. Nf5 Kh7 13. Qb3 Qd7 14. Qxb5 Rab8 15.
Qa4 Nd4 16. Qxd7 Nxf3+ 17. gxf3 Nxd7 18. Re2 g5 19. Kh2 a5 20. h4 f6 21. d4 Bb6
22. Be3 Ba7 23. Kh3 Nb6 24. Kg4 Na4 25. b3 Nxc3 26. Rc2 Nb5 27. a4 Nxd4 28.
Rxc7+ Kh8 29. Rxa7 Nxb3 30. Rh1 Rg8 31. hxg5 1-0

[Event "Korcsoportos Bajnokság u14f"]
[Site "Balatonlelle"]
[Date "2015.06.21"]
[Round "5.16"]
[White "Urban, Andras Daniel"]
[Black "Ruska, Zoltan Jr"]
[Result "1-0"]
[WhiteElo "1119"]
[BlackElo "1364"]
[PlyCount "77"]
[EventDate "2015.06.18"]
[EventType "swiss"]
[EventRounds "9"]
[EventCountry "HUN"]

1. e4 e5 2. Nf3 Nc6 3. Nc3 Nf6 4. d4 exd4 5. Nxd4 Nxd4 6. Qxd4 d6 7. Bg5 Be7 8.
O-O-O O-O 9. e5 c5 10. Qe3 Ng4 11. Bxe7 Nxe3 12. Bxd8 Nxd1 13. Be7 Nxf2 14. Rg1
dxe5 15. Bxf8 Kxf8 16. Be2 e4 17. Kd2 Be6 18. h3 f5 19. Ke3 Rd8 20. Kxf2 Rd2
21. Rc1 Bc4 22. g3 g5 23. Ke3 Rd4 24. h4 h6 25. Bxc4 Rxc4 26. Rf1 Kg7 27. Rxf5
Kg6 28. Rd5 Kh5 29. hxg5 hxg5 30. Nxe4 b6 31. Rxg5+ Kh6 32. Kd3 Rxe4 33. Kxe4
Kxg5 34. Kd5 Kg4 35. Kc6 Kxg3 36. Kb7 Kf4 37. Kxa7 Ke4 38. Kxb6 Kd4 39. a4 1-0

[Event "Korcsoportos Bajnokság u14f"]
[Site "Balatonlelle"]
[Date "2015.06.22"]
[Round "6.1"]
[White "Bohus, Adam"]
[Black "Szabo, Marton Mihaly"]
[Result "1-0"]
[WhiteElo "2128"]
[BlackElo "1864"]
[PlyCount "57"]
[EventDate "2015.06.18"]
[EventType "swiss"]
[EventRounds "9"]
[EventCountry "HUN"]
[WhiteClock "0:09:47"]
[BlackClock "0:05:11"]

1. d4 d5 2. Nf3 Nf6 3. c4 c6 4. e3 Bf5 5. Nc3 e6 6. Nh4 Bg6 7. Nxg6 hxg6 8. a3
Nbd7 9. g3 Be7 10. b3 O-O 11. Bg2 a6 12. O-O Rc8 13. Bb2 b5 14. c5 Qc7 15. f4
Nh7 16. g4 f5 17. h4 Nhf6 18. Bf3 Kf7 19. g5 Ne4 20. Nxe4 dxe4 21. Be2 Rh8 22.
Qe1 a5 23. Kg2 Rcg8 24. Rh1 Ra8 25. Qc3 Rag8 26. Rh3 Rh5 27. a4 b4 28. Qc4 Rhh8
29. Qxe6+ 1-0

[Event "Korcsoportos Bajnokság u14f"]
[Site "Balatonlelle"]
[Date "2015.06.22"]
[Round "6.2"]
[White "Papp, Levente"]
[Black "Kokeny, Norbert Adrian"]
[Result "0-1"]
[WhiteElo "2111"]
[BlackElo "2061"]
[PlyCount "126"]
[EventDate "2015.06.18"]
[EventType "swiss"]
[EventRounds "9"]
[EventCountry "HUN"]
[WhiteClock "0:01:21"]
[BlackClock "0:34:29"]

1. c4 c5 2. g3 Nc6 3. Bg2 g6 4. Nc3 Bg7 5. e3 d6 6. Nge2 Bf5 7. d3 Qc8 8. Nd5
Nf6 9. Nec3 O-O 10. O-O Bh3 11. e4 Bxg2 12. Kxg2 e6 13. Nxf6+ Bxf6 14. Bf4 Qd7
15. Rb1 Bg7 16. Qd2 Rfd8 17. a3 Ne7 18. Be3 b6 19. d4 d5 20. cxd5 exd5 21. e5
Bxe5 22. dxe5 d4 23. Ne4 Qc6 24. f3 dxe3 25. Qxe3 Nf5 26. Qf4 Rd3 27. Rbe1 Kg7
28. g4 Nh6 29. Nd6 Rf8 30. Qf6+ Kg8 31. Re4 Rd2+ 32. Kg3 Qd5 33. Qg5 Qd3 34.
Rfe1 Kg7 35. Nf5+ Nxf5+ 36. gxf5 Qc2 37. Rg1 Rxh2 38. Qe3 h5 39. f6+ Kh7 40. b4
Rh8 41. Kf4 cxb4 42. axb4 Rd8 43. Qc1 Qd3 44. Qe3 Qc2 45. Qc1 Qd3 46. Qe3 Qd7
47. e6 Qc7+ 48. Re5 fxe6 49. Rc1 Qd6 50. Kg3 Rd2 51. Qc3 Rd7 52. Rce1 Rc7 53.
Qe3 Rf7 54. Qg5 Rd5 55. f4 Qxb4 56. R1e3 Rd1 57. Kh2 Qb1 58. Qg2 Rxf6 59. Rh3
Rd5 60. Rxd5 exd5 61. Re3 Qf5 62. Rf3 Qg4 63. Rg3 Qxf4 0-1

[Event "Korcsoportos Bajnokság u14f"]
[Site "Balatonlelle"]
[Date "2015.06.22"]
[Round "6.3"]
[White "Vanczak, Tamas"]
[Black "Horvath, Balazs"]
[Result "1/2-1/2"]
[WhiteElo "2017"]
[BlackElo "2115"]
[PlyCount "59"]
[EventDate "2015.06.18"]
[EventType "swiss"]
[EventRounds "9"]
[EventCountry "HUN"]
[WhiteClock "0:10:22"]
[BlackClock "0:16:45"]

1. e4 e5 2. Nf3 Nc6 3. Bc4 Bc5 4. c3 d6 5. d3 Nf6 6. O-O O-O 7. Bb3 Bg4 8. h3
Bh5 9. Nbd2 Qd7 10. Re1 Bg6 11. Qe2 Nh5 12. Nf1 Kh8 13. Nh4 f5 14. exf5 Bf7 15.
Bg5 Rae8 16. Ne3 Nf4 17. Qg4 Nxd3 18. Red1 e4 19. Be6 Rxe6 20. fxe6 Bxe6 21.
Qxe4 Nxf2 22. Ng6+ hxg6 23. Qh4+ Kg8 24. Rf1 Nxh3+ 25. gxh3 Rxf1+ 26. Rxf1 Bxh3
27. Rf3 Bg4 28. Rf2 Ne5 29. Qg3 Bb6 30. Bf4 1/2-1/2

[Event "Korcsoportos Bajnokság u14f"]
[Site "Balatonlelle"]
[Date "2015.06.22"]
[Round "6.4"]
[White "Bege, Mate"]
[Black "Acs, Marton"]
[Result "1/2-1/2"]
[WhiteElo "1999"]
[BlackElo "1968"]
[PlyCount "44"]
[EventDate "2015.06.18"]
[EventType "swiss"]
[EventRounds "9"]
[EventCountry "HUN"]
[WhiteClock "1:14:34"]
[BlackClock "0:35:18"]

1. e4 e5 2. Nf3 Nc6 3. Bb5 a6 4. Ba4 Nf6 5. O-O Be7 6. Re1 b5 7. Bb3 O-O 8. c3
d6 9. h3 Nb8 10. d4 Nbd7 11. Bg5 Bb7 12. Nbd2 h6 13. Bxf6 Bxf6 14. d5 Nc5 15.
Bc2 c6 16. dxc6 Bxc6 17. Nf1 Qc7 18. Ng3 g6 19. Qd2 Bg7 20. Rad1 Rad8 21. Nh2
h5 22. Nf3 d5 1/2-1/2

[Event "Korcsoportos Bajnokság u14f"]
[Site "Balatonlelle"]
[Date "2015.06.22"]
[Round "6.5"]
[White "Kovacs, Gabor Etele"]
[Black "Tubak, Daniel"]
[Result "1/2-1/2"]
[WhiteElo "1851"]
[BlackElo "2032"]
[PlyCount "39"]
[EventDate "2015.06.18"]
[EventType "swiss"]
[EventRounds "9"]
[EventCountry "HUN"]
[WhiteClock "0:55:06"]
[BlackClock "1:01:52"]

1. e4 e6 2. d4 d5 3. Nd2 Be7 4. Bd3 Nf6 5. e5 Nfd7 6. Ne2 c5 7. c3 Nc6 8. Nf3
O-O 9. O-O cxd4 10. cxd4 f6 11. exf6 Nxf6 12. Re1 Bd6 13. Bg5 Qc7 14. Nc3 a6
15. Bh4 Bd7 16. Bg3 Bxg3 17. hxg3 h6 18. Rc1 Qd6 19. Bb1 Be8 20. Qd2 1/2-1/2

[Event "Korcsoportos Bajnokság u14f"]
[Site "Balatonlelle"]
[Date "2015.06.22"]
[Round "6.6"]
[White "Kelemen, David"]
[Black "Miszler, Levente"]
[Result "0-1"]
[WhiteElo "1943"]
[BlackElo "1845"]
[PlyCount "74"]
[EventDate "2015.06.18"]
[EventType "swiss"]
[EventRounds "9"]
[EventCountry "HUN"]
[WhiteClock "0:02:56"]
[BlackClock "0:34:21"]

1. e4 Nc6 2. Nf3 d6 3. d4 Nf6 4. d5 Ne5 5. Nxe5 dxe5 6. f3 e6 7. c4 h6 8. Nc3
Bd6 9. Be3 Qe7 10. Be2 Bd7 11. Qd2 a6 12. a3 exd5 13. cxd5 O-O 14. O-O Bc5 15.
b4 Bxe3+ 16. Qxe3 Ne8 17. f4 Nd6 18. f5 Qf6 19. Nd1 c6 20. Nf2 Qg5 21. Qc3 cxd5
22. Qxe5 Nxe4 23. Qxd5 Bc6 24. Qd3 Nd2 25. g3 Nxf1 26. Rxf1 Bb5 27. Qc2 Bxe2
28. Qxe2 Qxf5 29. Ng4 Qd5 30. h4 Qe6 31. Qf3 Rae8 32. Nf2 Qe3 33. Qg4 h5 34.
Qh3 Qxa3 35. Kh2 Qxb4 36. g4 hxg4 37. Nxg4 Re2+ 0-1

[Event "Korcsoportos Bajnokság u14f"]
[Site "Balatonlelle"]
[Date "2015.06.22"]
[Round "6.7"]
[White "Gyimesi, Peter"]
[Black "Vodila, Martin Botond"]
[Result "1/2-1/2"]
[WhiteElo "1819"]
[BlackElo "1941"]
[PlyCount "67"]
[EventDate "2015.06.18"]
[EventType "swiss"]
[EventRounds "9"]
[EventCountry "HUN"]
[WhiteClock "0:34:10"]
[BlackClock "0:05:32"]

1. e4 d5 2. exd5 Qxd5 3. Nc3 Qa5 4. d4 c6 5. Nf3 Nf6 6. Bd2 Bf5 7. Bc4 e6 8.
Nd5 Qd8 9. Nxf6+ gxf6 10. Bb3 Rg8 11. Qe2 Be7 12. h3 Nd7 13. O-O-O Qc7 14. Nh4
Bg6 15. Nxg6 hxg6 16. Rhe1 O-O-O 17. d5 cxd5 18. Bxd5 Ne5 19. Bb3 Nd3+ 20. Kb1
Nxe1 21. Rxe1 Bc5 22. Bc3 Bd4 23. Bxd4 Rxd4 24. Bxe6+ Kb8 25. Bg4 Rgd8 26. Qe3
f5 27. Bf3 Qd6 28. a3 Rd2 29. Qb3 Qc7 30. Re3 Rxf2 31. Rc3 Qe7 32. Re3 Qc7 33.
Rc3 Qe7 34. Re3 1/2-1/2

[Event "Korcsoportos Bajnokság u14f"]
[Site "Balatonlelle"]
[Date "2015.06.22"]
[Round "6.8"]
[White "Czumbel, Peter"]
[Black "Szabo, Balint"]
[Result "1-0"]
[WhiteElo "1904"]
[BlackElo "1620"]
[PlyCount "71"]
[EventDate "2015.06.18"]
[EventType "swiss"]
[EventRounds "9"]
[EventCountry "HUN"]
[WhiteClock "1:15:48"]
[BlackClock "1:09:51"]

1. Nf3 Nf6 2. g3 e6 3. Bg2 d5 4. O-O Bd6 5. d3 h6 6. Nbd2 O-O 7. e4 Nbd7 8. Re1
dxe4 9. dxe4 e5 10. Nc4 Qe7 11. Ne3 c6 12. Nf5 Qe6 13. Qxd6 Re8 14. Qxe6 Rxe6
15. Bh3 Re8 16. Nd6 Re7 17. Nh4 Nb6 18. Nxc8 Nxc8 19. Bxc8 Rxc8 20. Be3 b6 21.
Rad1 Kh7 22. Nf5 Re6 23. Rd6 Ree8 24. Rxf6 gxf6 25. Nd6 Rcd8 26. Nxe8 Rxe8 27.
Rd1 Kg7 28. Rd7 Ra8 29. a4 c5 30. Rc7 Kg6 31. a5 h5 32. Rb7 Kg7 33. axb6 axb6
34. Rxb6 Ra4 35. b3 Rxe4 36. Bxc5 1-0

[Event "Korcsoportos Bajnokság u14f"]
[Site "Balatonlelle"]
[Date "2015.06.22"]
[Round "6.9"]
[White "Ambrus, Bence"]
[Black "Marton, Kristof"]
[Result "1-0"]
[WhiteElo "1798"]
[BlackElo "1482"]
[PlyCount "103"]
[EventDate "2015.06.18"]
[EventType "swiss"]
[EventRounds "9"]
[EventCountry "HUN"]
[WhiteClock "0:46:12"]
[BlackClock "1:03:25"]

1. e4 c6 2. Nc3 d5 3. Nf3 Bg4 4. h3 Bh5 5. Be2 Nf6 6. e5 Nfd7 7. d4 e6 8. O-O
c5 9. Bg5 Qb6 10. Na4 Qa5 11. Nxc5 Nxc5 12. dxc5 Bxc5 13. c3 Qc7 14. Bf4 O-O
15. Nd4 Bxe2 16. Qxe2 Bxd4 17. cxd4 Nc6 18. Rac1 Qb6 19. Be3 Rac8 20. f4 Na5
21. b3 Rc6 22. Qg4 Rfc8 23. Rxc6 Rxc6 24. f5 exf5 25. Rxf5 Rg6 26. Qf3 Qe6 27.
h4 Nc6 28. h5 Rh6 29. g4 Ne7 30. Rf4 g5 31. Rf6 Rxf6 32. exf6 Nc6 33. Bxg5 Nxd4
34. Qg2 Qe4 35. Qxe4 dxe4 36. Be3 Nb5 37. a4 Nc7 38. Bxa7 Nd5 39. Bd4 Kf8 40.
Kf2 Ke8 41. Kg3 Kd7 42. g5 Ke6 43. Kg4 e3 44. Kf3 Kf5 45. Bxe3 Nxe3 46. Kxe3
Kxg5 47. a5 Kxf6 48. b4 Ke6 49. b5 Kd6 50. a6 bxa6 51. bxa6 Kc7 52. Kf4 1-0

[Event "Korcsoportos Bajnokság u14f"]
[Site "Balatonlelle"]
[Date "2015.06.22"]
[Round "6.10"]
[White "Acs, Kristof"]
[Black "Kaloczi, Kristof"]
[Result "1/2-1/2"]
[WhiteElo "1536"]
[BlackElo "1781"]
[PlyCount "41"]
[EventDate "2015.06.18"]
[EventType "swiss"]
[EventRounds "9"]
[EventCountry "HUN"]
[WhiteClock "1:12:55"]
[BlackClock "1:02:44"]

1. e4 c5 2. c3 d5 3. exd5 Qxd5 4. d4 Nf6 5. Nf3 Bg4 6. Qa4+ Bd7 7. Qd1 Bg4 8.
Qa4+ Bd7 9. Qd1 e6 10. Be2 Nc6 11. O-O Be7 12. Be3 cxd4 13. cxd4 Rc8 14. Nc3
Qd6 15. Rc1 O-O 16. Qd2 Qb8 17. Bf4 Bd6 18. Bg5 Be7 19. Bf4 Bd6 20. Bg5 Be7 21.
Bf4 1/2-1/2

[Event "Korcsoportos Bajnokság u14f"]
[Site "Balatonlelle"]
[Date "2015.06.22"]
[Round "6.11"]
[White "Boa, Bence"]
[Black "Nemeth, Balint"]
[Result "1-0"]
[WhiteElo "1725"]
[BlackElo "1617"]
[PlyCount "85"]
[EventDate "2015.06.18"]
[EventType "swiss"]
[EventRounds "9"]
[EventCountry "HUN"]
[WhiteClock "0:42:08"]
[BlackClock "1:21:12"]

1. d4 Nf6 2. Nf3 d5 3. e3 e6 4. Bd3 c5 5. c3 Nc6 6. Nbd2 Bd6 7. Qe2 O-O 8. O-O
b6 9. e4 dxe4 10. Nxe4 cxd4 11. Nxf6+ gxf6 12. Qe4 f5 13. Qxc6 Rb8 14. Nxd4 Bb7
15. Qc4 Rc8 16. Qb3 Qh4 17. f4 Kh8 18. Be2 Bc5 19. Be3 Rg8 20. Bf3 Bxf3 21.
Rxf3 Rg6 22. Raf1 Rcg8 23. Qc2 Rh6 24. g3 Rhg6 25. Qf2 Qe7 26. b4 Bd6 27. Re1
h5 28. Nxf5 Qd8 29. Nxd6 Qxd6 30. Qd2 Qe7 31. f5 Rg4 32. f6 Qc7 33. Bf4 Qb7 34.
Re5 R4g5 35. Rxg5 Rxg5 36. Rd3 Rg6 37. Rd7 Qe4 38. Rxf7 h4 39. Rf8+ Rg8 40.
Rxg8+ Kxg8 41. Qd8+ Kf7 42. Qe7+ Kg6 43. Qg7+ 1-0

[Event "Korcsoportos Bajnokság u14f"]
[Site "Balatonlelle"]
[Date "2015.06.22"]
[Round "6.12"]
[White "Bencze, Balazs Dominik"]
[Black "Kovacs, Mate"]
[Result "1/2-1/2"]
[WhiteElo "1569"]
[BlackElo "1353"]
[PlyCount "71"]
[EventDate "2015.06.18"]
[EventType "swiss"]
[EventRounds "9"]
[EventCountry "HUN"]
[WhiteClock "0:27:18"]
[BlackClock "0:24:26"]

1. e4 e5 2. Nf3 Nc6 3. d4 exd4 4. Nxd4 Bc5 5. Be3 Qf6 6. c3 Nge7 7. Be2 b6 8.
O-O Bb7 9. Nb5 Rc8 10. Bxc5 bxc5 11. f4 a6 12. N5a3 O-O 13. Nd2 d5 14. e5 Qg6
15. Nc2 d4 16. Bh5 Qh6 17. Bg4 Rcd8 18. c4 d3 19. Ne3 Qg6 20. f5 Qg5 21. Rf3
Nxe5 22. Rg3 Nxg4 23. Qxg4 Qxg4 24. Rxg4 f6 25. Nb3 Bc8 26. Rf4 Rfe8 27. Nxc5
d2 28. Rd1 Nxf5 29. Nc2 Nd4 30. Nxd4 Re1+ 31. Rf1 Rxf1+ 32. Kxf1 Rxd4 33. Nb3
Rf4+ 34. Kg1 Rxc4 35. Rxd2 Kf7 36. Kf2 1/2-1/2

[Event "Korcsoportos Bajnokság u14f"]
[Site "Balatonlelle"]
[Date "2015.06.22"]
[Round "6.13"]
[White "Balogh, Akos"]
[Black "Birovecz, Ben Jordan"]
[Result "0-1"]
[WhiteElo "1568"]
[BlackElo "1470"]
[PlyCount "34"]
[EventDate "2015.06.18"]
[EventType "swiss"]
[EventRounds "9"]
[EventCountry "HUN"]
[WhiteClock "1:02:14"]
[BlackClock "0:59:15"]

1. d4 d5 2. c4 e6 3. Nf3 c5 4. e3 Nc6 5. Nc3 Nf6 6. Bd3 Bd6 7. O-O O-O 8. Qc2
h6 9. cxd5 exd5 10. dxc5 Bxc5 11. Rd1 Bb6 12. Bc4 Be6 13. e4 d4 14. Bxe6 fxe6
15. Ne2 e5 16. Nh4 Kh7 17. f4 d3+ 0-1

[Event "Korcsoportos Bajnokság u14f"]
[Site "Balatonlelle"]
[Date "2015.06.22"]
[Round "6.14"]
[White "Varga, Marcell"]
[Black "Urban, Andras Daniel"]
[Result "1-0"]
[WhiteElo "1478"]
[BlackElo "1119"]
[PlyCount "97"]
[EventDate "2015.06.18"]
[EventType "swiss"]
[EventRounds "9"]
[EventCountry "HUN"]
[WhiteClock "0:51:03"]
[BlackClock "1:00:58"]

1. e4 e5 2. Nf3 Nc6 3. Bc4 Nf6 4. d3 Be7 5. c3 d6 6. b4 O-O 7. h3 Be6 8. Bb3 d5
9. exd5 Bxd5 10. O-O Bxb3 11. axb3 b5 12. Bg5 Nd5 13. Bxe7 Qxe7 14. Re1 Qf6 15.
Qc2 Rfd8 16. Nbd2 a5 17. bxa5 Rxa5 18. Rxa5 Nxa5 19. Nxe5 Re8 20. d4 Nc6 21.
Ndf3 Nxe5 22. Rxe5 Rxe5 23. Nxe5 h6 24. Qd3 b4 25. cxb4 Nxb4 26. Qb5 Qe7 27.
Kf1 Nc2 28. Qc4 Nb4 29. Nxf7 Qxf7 30. Qxb4 Qh5 31. Qc4+ Kh8 32. f3 Qf5 33. Kf2
Qf4 34. Qd3 Qh4+ 35. Kf1 Qf4 36. Qc3 Kh7 37. d5 Kg6 38. Qc6+ Qf6 39. Qxf6+ Kxf6
40. d6 cxd6 41. Ke2 Ke5 42. Ke3 Kd5 43. Kd3 Kc5 44. Kc3 Kd5 45. b4 Kc6 46. Kc4
d5+ 47. Kd4 Kb5 48. Kxd5 Kxb4 49. Ke6 1-0

[Event "Korcsoportos Bajnokság u14f"]
[Site "Balatonlelle"]
[Date "2015.06.22"]
[Round "6.15"]
[White "Ruska, Zoltan Jr"]
[Black "Pogany, Zsombor"]
[Result "1/2-1/2"]
[WhiteElo "1364"]
[BlackElo "1658"]
[PlyCount "45"]
[EventDate "2015.06.18"]
[EventType "swiss"]
[EventRounds "9"]
[EventCountry "HUN"]
[WhiteClock "0:56:27"]
[BlackClock "1:06:49"]

1. d4 d5 2. c4 c6 3. Bf4 Nf6 4. Nc3 dxc4 5. e3 Bf5 6. Bxc4 e6 7. a3 Nbd7 8. Nf3
Rc8 9. O-O Nb6 10. Bd3 Bxd3 11. Qxd3 Bd6 12. Bxd6 Qxd6 13. h3 O-O 14. Rfd1 Rfd8
15. e4 Qe7 16. b4 Nfd7 17. Qe2 e5 18. dxe5 Nxe5 19. Rxd8+ Rxd8 20. Nxe5 Qxe5
21. Rd1 Rxd1+ 22. Qxd1 g6 23. Qd3 1/2-1/2

[Event "Korcsoportos Bajnokság u14f"]
[Site "Balatonlelle"]
[Date "2015.06.22"]
[Round "7.1"]
[White "Horvath, Balazs"]
[Black "Bohus, Adam"]
[Result "1/2-1/2"]
[WhiteElo "2115"]
[BlackElo "2128"]
[PlyCount "50"]
[EventDate "2015.06.18"]
[EventType "swiss"]
[EventRounds "9"]
[EventCountry "HUN"]

1. e4 e5 2. Nf3 Nc6 3. Bb5 a6 4. Ba4 Nf6 5. d4 exd4 6. O-O Be7 7. e5 Ne4 8.
Bxc6 dxc6 9. Re1 Nc5 10. Nxd4 Ne6 11. Nf5 Qxd1 12. Rxd1 Bf8 13. Be3 Bd7 14. Nc3
O-O-O 15. Ng3 g6 16. Nge4 Be7 17. Ne2 c5 18. Nf4 Nxf4 19. Bxf4 Bf5 20. Bg5 Rhe8
21. Nf6 Bxf6 22. Bxf6 Rxd1+ 23. Rxd1 Bxc2 24. Rc1 Bf5 25. Rxc5 Be6 1/2-1/2

[Event "Korcsoportos Bajnokság u14f"]
[Site "Balatonlelle"]
[Date "2015.06.22"]
[Round "7.2"]
[White "Kokeny, Norbert Adrian"]
[Black "Vanczak, Tamas"]
[Result "0-1"]
[WhiteElo "2061"]
[BlackElo "2017"]
[PlyCount "98"]
[EventDate "2015.06.18"]
[EventType "swiss"]
[EventRounds "9"]
[EventCountry "HUN"]

1. d4 Nf6 2. Bg5 Ne4 3. Bf4 c5 4. f3 Qa5+ 5. c3 Nf6 6. d5 d6 7. e4 Nbd7 8. Na3
a6 9. Nc4 Qc7 10. a4 g6 11. Bd3 Bg7 12. Qd2 O-O 13. Ne2 Rb8 14. O-O b6 15. Bh6
Bxh6 16. Qxh6 e6 17. dxe6 fxe6 18. Nf4 Ne5 19. Nxe5 dxe5 20. Nh3 c4 21. Bc2 b5
22. axb5 Rxb5 23. Rab1 Qb6+ 24. Kh1 Rxb2 25. Ng5 Rxb1 26. Bxb1 Qc7 27. Ba2 a5
28. Qh3 Qc6 29. f4 exf4 30. Qh4 Qc7 31. Bb1 a4 32. h3 Nh5 33. Kg1 Ng3 34. Re1
Nh5 35. e5 Qa7+ 36. Kh2 Ng3 37. Rd1 Qb7 38. Ba2 Nf5 39. Qxh7+ Qxh7 40. Nxh7
Kxh7 41. Bxc4 Ne3 42. Rd4 Nxc4 43. Rxc4 Bd7 44. Rc7 Rf7 45. c4 Kg7 46. h4 a3
47. Ra7 Bb5 48. Rxa3 Bxc4 49. Rc3 Bd5 0-1

[Event "Korcsoportos Bajnokság u14f"]
[Site "Balatonlelle"]
[Date "2015.06.22"]
[Round "7.3"]
[White "Acs, Marton"]
[Black "Szabo, Marton Mihaly"]
[Result "1-0"]
[WhiteElo "1968"]
[BlackElo "1864"]
[PlyCount "96"]
[EventDate "2015.06.18"]
[EventType "swiss"]
[EventRounds "9"]
[EventCountry "HUN"]

1. d4 Nf6 2. Nf3 e6 3. g3 b6 4. Bg2 Bb7 5. O-O Be7 6. c4 d5 7. cxd5 exd5 8. Nc3
O-O 9. Ne5 c6 10. Qa4 Nfd7 11. Nxd7 Nxd7 12. Bf4 Bf6 13. Rfd1 b5 14. Qc2 Nb6
15. e4 a6 16. e5 Be7 17. b3 a5 18. a4 b4 19. Ne2 Re8 20. Be3 Nd7 21. Nc1 Nf8
22. Nd3 Qb6 23. f4 Ne6 24. Qf2 Nf8 25. f5 Nd7 26. h4 Qd8 27. Qf3 Bf8 28. Qg4
Nf6 29. Qf4 Nd7 30. Nf2 f6 31. e6 Nb8 32. h5 Bd6 33. Qh4 h6 34. Qg4 Kh8 35. Qg6
Bf8 36. Ng4 Qe7 37. Bxh6 Rc8 38. Bf4 Na6 39. h6 gxh6 40. Bxh6 Qh7 41. Qxf6+ Bg7
42. Bxg7+ Qxg7 43. Qh4+ Qh7 44. Qxh7+ Kxh7 45. Rf1 Rf8 46. Rae1 Rae8 47. Ne5
Nc7 48. Nd7 Kh6 1-0

[Event "Korcsoportos Bajnokság u14f"]
[Site "Balatonlelle"]
[Date "2015.06.22"]
[Round "7.4"]
[White "Miszler, Levente"]
[Black "Kovacs, Gabor Etele"]
[Result "0-1"]
[WhiteElo "1845"]
[BlackElo "1851"]
[PlyCount "72"]
[EventDate "2015.06.18"]
[EventType "swiss"]
[EventRounds "9"]
[EventCountry "HUN"]

1. Nf3 d5 2. g3 c6 3. Bg2 Bg4 4. d3 Nd7 5. O-O Ngf6 6. Nbd2 e6 7. c4 Be7 8. a3
a5 9. b3 O-O 10. Bb2 Re8 11. Re1 Qb6 12. Qc2 Bf5 13. e3 Nc5 14. Bf1 dxc4 15.
bxc4 Red8 16. e4 Bg6 17. Nh4 Ng4 18. Ndf3 Bxh4 19. Nxh4 Nxd3 20. Bxd3 Rxd3 21.
Nxg6 hxg6 22. Re2 Rad8 23. Rc1 Qc5 24. Kg2 Qg5 25. Rce1 Qc5 26. Rc1 Qh5 27. h3
Ne5 28. Rce1 Nf3 29. Rc1 Qc5 30. Rf1 f6 31. Bc1 Ne5 32. Qb2 R8d7 33. Bf4 Nxc4
34. Qc2 b5 35. a4 e5 36. Be3 Rxe3 0-1

[Event "Korcsoportos Bajnokság u14f"]
[Site "Balatonlelle"]
[Date "2015.06.22"]
[Round "7.5"]
[White "Czumbel, Peter"]
[Black "Papp, Levente"]
[Result "1/2-1/2"]
[WhiteElo "1904"]
[BlackElo "2111"]
[PlyCount "73"]
[EventDate "2015.06.18"]
[EventType "swiss"]
[EventRounds "9"]
[EventCountry "HUN"]

1. Nf3 d5 2. g3 Nf6 3. Bg2 c5 4. c4 e6 5. cxd5 exd5 6. d4 Nc6 7. Nc3 cxd4 8.
Nxd4 Bb4 9. O-O O-O 10. Bg5 Be6 11. Rc1 h6 12. Bf4 Qd7 13. Nxc6 bxc6 14. Na4
Bh3 15. Qd4 Be7 16. Nc5 Bxc5 17. Qxc5 Bxg2 18. Kxg2 Rac8 19. Be3 Rfe8 20. Rc2
Qe6 21. Rfc1 Re7 22. Qd4 Rd7 23. Rc5 Ne4 24. R5c2 c5 25. Qd3 d4 26. f3 Nxg3 27.
hxg3 Qxe3 28. Qxe3 dxe3 29. Rxc5 Rxc5 30. Rxc5 Rd2 31. Kf1 Rxb2 32. Ra5 Rb1+
33. Kg2 Re1 34. f4 Rxe2+ 35. Kf3 Rc2 36. Rxa7 e2 37. Kf2 1/2-1/2

[Event "Korcsoportos Bajnokság u14f"]
[Site "Balatonlelle"]
[Date "2015.06.22"]
[Round "7.6"]
[White "Tubak, Daniel"]
[Black "Ambrus, Bence"]
[Result "1-0"]
[WhiteElo "2032"]
[BlackElo "1798"]
[PlyCount "51"]
[EventDate "2015.06.18"]
[EventType "swiss"]
[EventRounds "9"]
[EventCountry "HUN"]

1. e4 e5 2. Nf3 Nc6 3. Bb5 a6 4. Ba4 Nf6 5. O-O b5 6. Bb3 Be7 7. Re1 d6 8. h3
Na5 9. c3 Nxb3 10. Qxb3 Be6 11. Qd1 O-O 12. d4 exd4 13. cxd4 d5 14. e5 Nd7 15.
Nc3 Rc8 16. Ne2 c5 17. Nf4 c4 18. Nh2 Nb8 19. Nf1 Nc6 20. Ng3 Bg5 21. Nxe6 fxe6
22. Qg4 Bxc1 23. Qxe6+ Rf7 24. Raxc1 Nxd4 25. Qg4 Qb6 26. Qxc8+ 1-0

[Event "Korcsoportos Bajnokság u14f"]
[Site "Balatonlelle"]
[Date "2015.06.22"]
[Round "7.7"]
[White "Gyimesi, Peter"]
[Black "Bege, Mate"]
[Result "1-0"]
[WhiteElo "1819"]
[BlackElo "1999"]
[PlyCount "85"]
[EventDate "2015.06.18"]
[EventType "swiss"]
[EventRounds "9"]
[EventCountry "HUN"]

1. e4 c5 2. Nf3 d6 3. d4 cxd4 4. Nxd4 Nf6 5. Nc3 Nc6 6. Bg5 Bd7 7. Qd2 Qa5 8.
Bxf6 gxf6 9. O-O-O Nxd4 10. Qxd4 Rc8 11. Kb1 Qc5 12. Qd2 Bg7 13. Nd5 f5 14. Bd3
h6 15. Rhe1 e6 16. Nf4 Qb6 17. c4 fxe4 18. Rxe4 Rc5 19. g4 Bc6 20. Ree1 d5 21.
Nh5 Bd4 22. Rxe6+ fxe6 23. Bg6+ Kd7 24. Qxd4 Rd8 25. Bf7 Ba4 26. Rc1 Rxc4 27.
Rxc4 Bc6 28. Qxb6 axb6 29. Rc2 Rf8 30. Bg6 e5 31. Bf5+ Kd6 32. Kc1 e4 33. Kd2
Ke5 34. Ke2 d4 35. Rd2 Bb5+ 36. Kd1 e3 37. fxe3 dxe3 38. Rc2 Rd8+ 39. Ke1 Kd4
40. Nf4 Ra8 41. a3 h5 42. Nxh5 Ba4 43. Rc3 1-0

[Event "Korcsoportos Bajnokság u14f"]
[Site "Balatonlelle"]
[Date "2015.06.22"]
[Round "7.8"]
[White "Vodila, Martin Botond"]
[Black "Boa, Bence"]
[Result "1-0"]
[WhiteElo "1941"]
[BlackElo "1725"]
[PlyCount "37"]
[EventDate "2015.06.18"]
[EventType "swiss"]
[EventRounds "9"]
[EventCountry "HUN"]

1. e4 c6 2. d4 d5 3. exd5 cxd5 4. Bd3 Nf6 5. c3 e6 6. Nf3 Bd6 7. Bg5 Nbd7 8.
Nbd2 O-O 9. O-O b6 10. Re1 Bb7 11. Ne5 Qc7 12. Nxd7 Nxd7 13. Qh5 g6 14. Qh4
Rfe8 15. Re3 Nf8 16. Bb5 Bc6 17. Bxc6 Qxc6 18. Bf6 Nd7 19. Qxh7+ 1-0

[Event "Korcsoportos Bajnokság u14f"]
[Site "Balatonlelle"]
[Date "2015.06.22"]
[Round "7.9"]
[White "Kaloczi, Kristof"]
[Black "Kelemen, David"]
[Result "1/2-1/2"]
[WhiteElo "1781"]
[BlackElo "1943"]
[PlyCount "103"]
[EventDate "2015.06.18"]
[EventType "swiss"]
[EventRounds "9"]
[EventCountry "HUN"]

1. e4 c5 2. Nf3 Nc6 3. d4 cxd4 4. Nxd4 Nf6 5. Nc3 g6 6. Be3 Bg7 7. Be2 O-O 8.
O-O d6 9. Nb3 Bd7 10. f3 a6 11. a4 Na5 12. Nxa5 Qxa5 13. Kh1 Rfc8 14. Bd4 Be6
15. Nb1 Bc4 16. Bxc4 Rxc4 17. Bc3 Qd8 18. Nd2 Rc6 19. Nb3 Rb8 20. Nd4 Rcc8 21.
Qe2 e5 22. Nb3 b5 23. axb5 axb5 24. Rfd1 Qc7 25. Rac1 b4 26. Be1 Nd7 27. Qd3
Nc5 28. Nxc5 dxc5 29. c3 c4 30. Qd6 Bh6 31. Qxc7 Rxc7 32. Ra1 b3 33. Kg1 Rcc8
34. Bd2 Bxd2 35. Rxd2 Ra8 36. Rdd1 Rxa1 37. Rxa1 Rd8 38. Rf1 Kg7 39. Rf2 Rd1+
40. Rf1 Rd3 41. Rf2 f5 42. exf5 gxf5 43. Re2 Kf6 44. Kf2 Rd5 45. g3 Kg5 46. Re1
Kf6 47. Re2 Rd6 48. Re1 h5 49. Re2 Rd5 50. Re1 Rd2+ 51. Re2 Rd5 52. Re1 1/2-1/2